[Event "Cidade do Salvador op"]
[Site "Cidade do Salvador"]
[Date "2009.04.12"]
[Round "6"]
[White "De Castilho Firmino, Jaime"]
[Black "Da Silva Nascimento, David"]
[Result "0-1"]
[WhiteElo "1960"]
[BlackElo "2160"]
[PlyCount "148"]
[EventDate "2009.04.09"]
[EventType "swiss"]
[EventRounds "7"]
[EventCountry "BRA"]
[SourceTitle "EXT 2012"]
[Source "ChessBase"]
[SourceDate "2011.11.24"]
[SourceVersion "1"]
[SourceVersionDate "2011.11.24"]
[SourceQuality "1"]

1. c4 Nf6 2. Nc3 g6 3. Nf3 Bg7 4. g3 0-0 5. Bg2 d6 6. d4 Be6 7. d5 Bd7 8. 0-0 Qc8 9. Re1 e5 10. e4 Bg4 11. Be3 a5 12. Qd2 Na6 13. Bh6 Nc5 14. Bxg7 Kxg7 15. h4 Ng8 16. Nh2 Bh3 17. Rf1 Bxg2 18. Kxg2 f5 19. exf5 Qxf5 20. Rae1 Qd3 21. Qxd3 Nxd3 22. Re2 Rf7 23. Nf3 h6 24. Ne1 Nxe1+ 25. Rexe1 Raf8 26. Ne4 b6 27. a3 Ne7 28. b4 Rf3 29. Re3 Rxe3 30. fxe3 Rxf1 31. Kxf1 axb4 32. axb4 b5 33. cxb5 Nxd5 34. Ke2 Kf7 35. g4 Ke6 36. Ng3 Nxb4 37. h5 gxh5 38. Nxh5 Nd5 39. Kf3 Kf7 40. Ng3 Ne7 41. e4 Ke6 42. Nf5 Ng8 43. Ng7+ Kd7 44. Nf5 Ke6 45. Ng7+ Kf7 46. Nf5 Kf6 47. Ne3 Ne7 48. Nf5 Nc8 49. Nxh6 Na7 50. b6 cxb6 51. Nf5 Nc8 52. Ne3 b5 53. Nd5+ Kg5 54. Kg3 Na7 55. Nb4 Kg6 56. Kh4 Kf7 57. Kg5 Nc8 58. Nd5 Ne7 59. Nb4 Ke6 60. Nc2 Ng8 61. Kh4 Nf6 62. g5 Nxe4 63. g6 d5 64. Kg4 Nf6+ 65. Kg5 d4 66. Nb4 Ne8 67. Kg4 Kf6 68. Kf3 Kxg6 69. Ke4 Kf6 70. Nd3 Nd6+ 71. Kd5 Nc4 72. Nxe5 Nxe5 73. Kxd4 Nc6+ 74. Kc5 b4 0-1